000 00304nam a22001337a 4500
008 170622b xxu||||| |||| 00| 0 eng d
020 _a9780073397252
041 _aeng
080 _213 ED
_a328
100 _a21
101 _aSHP
245 _aSTATE AND LOCLA GOVERNMENT
_cBERCH.N
942 _2udc
_cBK
999 _c18676
_d18676